| 000 | 00945nam a22002657a 4500 | ||
|---|---|---|---|
| 005 | 20251108165215.0 | ||
| 008 | 250721s2009 xx 000 0 ara d | ||
| 082 | 1 | 4 | _aم/ط/503/موس |
| 245 | 1 | 0 |
_aموسوعة الناشئة : _bجسم الانسان , المحيطات , العلوم , الاتصالات , النباتات , الارض , عالم الحيوان , الالات و المعدات , المخترعون و العلماء / |
| 264 | 1 |
_aطرابلس : _bدار الشمال، _c2009. |
|
| 300 | _aج1-9 | ||
| 650 | 1 | 7 | _aالقواميس |
| 650 | 1 | 7 | _aالعلوم |
| 650 | 1 | 7 | _aجسم الانسان |
| 650 | 1 | 7 | _aالمحيطات |
| 650 | 1 | 7 | _aالعلوم |
| 650 | 1 | 7 | _aالاتصالات |
| 650 | 1 | 7 | _aالنباتات |
| 650 | 1 | 7 | _aالارض |
| 650 | 1 | 7 | _aالحيوان |
| 650 | 1 | 7 | _aالالات و المعدات |
| 653 | _aناشاون صغار (10-14) سنه | ||
| 942 |
_2ddc _cBK |
||
| 999 |
_c22115 _d22115 |
||